LIBRARY & INFORMATION CENTRE, KCAET, TAVANUR

ONLINE PUBLIC ACCESS CATALOGUE (OPAC)

How to analyse survey data / (Record no. 10436)

MARC details
000 -LEADER
fixed length control field 00420cam a2200169ua 4500
020 ## - INTERNATIONAL STANDARD BOOK NUMBER
ISBN 0-8039-7388-8
041 ## - LANGUAGE CODE
Language code of text/sound track or separate title eng
082 ## - DEWEY DECIMAL CLASSIFICATION NUMBER
Classification number 300.723
Item number FIN/HO
100 ## - MAIN ENTRY--AUTHOR NAME
Personal name Fink, Arlene .
245 ## - TITLE STATEMENT
Title How to analyse survey data /
260 ## - PUBLICATION, DISTRIBUTION, ETC. (IMPRINT)
Place of publication New Delhi :
Name of publisher Sage Publications ,
Year of publication 1995.
300 ## - PHYSICAL DESCRIPTION
Number of Pages ; .
500 ## - GENERAL NOTE
General note **Reference
942 ## - ADDED ENTRY ELEMENTS (KOHA)
Koha item type Books
Holdings
Withdrawn status Lost status Damaged status Home library Current library Date acquired Full call number Accession Number Koha item type
      KAUAET KAUAET 07/04/2012 300.723 20172 Reference
free website counter